<?xml version="1.0" encoding="UTF-8"?>
<record
    xmlns:xsi="http://www.w3.org/2001/XMLSchema-instance"
    xsi:schemaLocation="http://www.loc.gov/MARC21/slim http://www.loc.gov/standards/marcxml/schema/MARC21slim.xsd"
    xmlns="http://www.loc.gov/MARC21/slim">

  <leader>03307cam a22003615a 4500</leader>
  <datafield tag="999" ind1=" " ind2=" ">
    <subfield code="c">26923</subfield>
    <subfield code="d">26895</subfield>
  </datafield>
  <controlfield tag="001">11815287</controlfield>
  <controlfield tag="005">20181031155338.0</controlfield>
  <controlfield tag="008">991020s2000    nyua   frb    001 0 eng d</controlfield>
  <datafield tag="010" ind1=" " ind2=" ">
    <subfield code="a">   99054630 </subfield>
  </datafield>
  <datafield tag="020" ind1=" " ind2=" ">
    <subfield code="a">0471348791 (cloth : acid-free paper)</subfield>
  </datafield>
  <datafield tag="020" ind1=" " ind2=" ">
    <subfield code="a">9780471348795 </subfield>
  </datafield>
  <datafield tag="040" ind1=" " ind2=" ">
    <subfield code="a">DLC</subfield>
    <subfield code="b">eng</subfield>
    <subfield code="c">DLC</subfield>
    <subfield code="d">DLC</subfield>
    <subfield code="d">EG-ScBUE</subfield>
  </datafield>
  <datafield tag="082" ind1="0" ind2="4">
    <subfield code="a">658.5</subfield>
    <subfield code="b">KUS</subfield>
    <subfield code="2">22</subfield>
  </datafield>
  <datafield tag="100" ind1="1" ind2=" ">
    <subfield code="a">Kusiak, Andrew.</subfield>
    <subfield code="9">41861</subfield>
  </datafield>
  <datafield tag="245" ind1="1" ind2="0">
    <subfield code="a">Computational intelligence in design and manufacturing /</subfield>
    <subfield code="c">Andrew Kusiak.</subfield>
  </datafield>
  <datafield tag="260" ind1=" " ind2=" ">
    <subfield code="a">New York :</subfield>
    <subfield code="b">John Wiley &amp; Sons,</subfield>
    <subfield code="c">2000.</subfield>
  </datafield>
  <datafield tag="300" ind1=" " ind2=" ">
    <subfield code="a">xx, 535 p. :</subfield>
    <subfield code="b">ill. ;</subfield>
    <subfield code="c">24 cm.</subfield>
  </datafield>
  <datafield tag="500" ind1=" " ind2=" ">
    <subfield code="a">"A Wiley-Interscience publication."</subfield>
  </datafield>
  <datafield tag="504" ind1=" " ind2=" ">
    <subfield code="a">Includes bibliographical references and index.</subfield>
  </datafield>
  <datafield tag="505" ind1="0" ind2=" ">
    <subfield code="t">Modern Manufacturing --
</subfield>
    <subfield code="t">Integration --
</subfield>
    <subfield code="t">Robotics --
</subfield>
    <subfield code="t">Material Handling and Storage Technology --
Material Handling Technology --
</subfield>
    <subfield code="t">Automated Storage Systems --
Control Systems --
Information Systems --
</subfield>
    <subfield code="t">Network Compatibility --
</subfield>
    <subfield code="t">Interface Standards --
Intelligent Data Systems --
</subfield>
    <subfield code="t">Computational Intelligence --
Impact of Manufacturing Technology --
</subfield>
    <subfield code="t">Product Life Cycle --
Management --
Human Dimension --
</subfield>
    <subfield code="t">Design of Modern Manufacturing Systems --
Machining Systems --
Assembly Systems --
Process Planning for Assembly Systems --
</subfield>
    <subfield code="t">Organization and Product Evaluation Standards --
</subfield>
    <subfield code="t">The Future of Manufacturing Enterprises --
Enterprise Attributes --
</subfield>
    <subfield code="t">Manufacturing Technology --
</subfield>
    <subfield code="t">Knowledge-Based Systems --
Knowledge Representation --
</subfield>
    <subfield code="t">First-Order Logic --
</subfield>
    <subfield code="t">Production Rules --
Frames --
</subfield>
    <subfield code="t">Semantic Networks --
Inference Engine --
</subfield>
    <subfield code="t">Basic Reasoning Strategies --
Uncertainty in Rule Bases --
</subfield>
    <subfield code="t">Other Search Strategies --
Depth-First and Breadth-First Search Strategies --
</subfield>
    <subfield code="t">Optimization and Knowledge-Based Systems --
Knowledge Acquisition --
Knowledge Consistency --
</subfield>
    <subfield code="t">Detection of Anomaly Rules with Simple Action Clauses --
Grouping Rules with Compound Condition and Action Clauses --
</subfield>
    <subfield code="t">Inference Anomalies in Rule Bases --
Features in Design and Manufacturing --</subfield>
    <subfield code="t">Fundamentals of Requirements, Features, and Functions --
Requirement Space --
Fundamentals of Features --
</subfield>
    <subfield code="t">Classification of Feature-Related Functions --
Mapping of Requirements and Functions --
Relations --
Function Relations --
Problem Statement --
Classification of Function Relations</subfield>
  </datafield>
  <datafield tag="520" ind1=" " ind2=" ">
    <subfield code="a">The design of products, processes, and systems is the focus of successful time-based competition. This design process which focuses on problem-solving and continued innovation brings together a multitude of variables, including customer needs, scheduling, modeling, and process analysis, which must be implemented concurrently to be successful.</subfield>
  </datafield>
  <datafield tag="650" ind1=" " ind2="7">
    <subfield code="a">Production management.</subfield>
    <subfield code="2">BUEsh</subfield>
  </datafield>
  <datafield tag="650" ind1=" " ind2="7">
    <subfield code="a">Computational intelligence.</subfield>
    <subfield code="2">BUEsh</subfield>
    <subfield code="9">5780</subfield>
  </datafield>
  <datafield tag="650" ind1=" " ind2="7">
    <subfield code="a">Computer integrated manufacturing systems.</subfield>
    <subfield code="2">BUEsh</subfield>
  </datafield>
  <datafield tag="650" ind1=" " ind2="7">
    <subfield code="a">Engineering design.</subfield>
    <subfield code="2">BUEsh</subfield>
  </datafield>
  <datafield tag="651" ind1=" " ind2=" ">
    <subfield code="2">BUEsh</subfield>
  </datafield>
  <datafield tag="653" ind1=" " ind2=" ">
    <subfield code="b">ENGGEN</subfield>
    <subfield code="b">COMSCI</subfield>
    <subfield code="c">October2018</subfield>
  </datafield>
  <datafield tag="655" ind1=" " ind2=" ">
    <subfield code="v">Reading book</subfield>
  </datafield>
  <datafield tag="856" ind1="4" ind2="2">
    <subfield code="3">Contributor biographical information</subfield>
    <subfield code="u">http://www.loc.gov/catdir/bios/wiley042/99054630.html</subfield>
  </datafield>
  <datafield tag="856" ind1="4" ind2="2">
    <subfield code="3">Publisher description</subfield>
    <subfield code="u">http://www.loc.gov/catdir/description/wiley034/99054630.html</subfield>
  </datafield>
  <datafield tag="856" ind1="4" ind2=" ">
    <subfield code="3">Table of Contents</subfield>
    <subfield code="u">http://www.loc.gov/catdir/toc/onix05/99054630.html</subfield>
  </datafield>
  <datafield tag="942" ind1=" " ind2=" ">
    <subfield code="2">ddc</subfield>
  </datafield>
  <datafield tag="952" ind1=" " ind2=" ">
    <subfield code="0">0</subfield>
    <subfield code="1">0</subfield>
    <subfield code="2">ddc</subfield>
    <subfield code="4">0</subfield>
    <subfield code="7">0</subfield>
    <subfield code="8">Baccah</subfield>
    <subfield code="a">MAIN</subfield>
    <subfield code="b">MAIN</subfield>
    <subfield code="c">1ST</subfield>
    <subfield code="d">2018-10-31</subfield>
    <subfield code="e">Purchase</subfield>
    <subfield code="g">2700.00</subfield>
    <subfield code="l">0</subfield>
    <subfield code="o">658.5 KUS</subfield>
    <subfield code="p">000043732</subfield>
    <subfield code="r">2025-07-15 00:00:00</subfield>
    <subfield code="y">NB</subfield>
  </datafield>
  <datafield tag="952" ind1=" " ind2=" ">
    <subfield code="0">0</subfield>
    <subfield code="1">0</subfield>
    <subfield code="2">ddc</subfield>
    <subfield code="4">0</subfield>
    <subfield code="7">0</subfield>
    <subfield code="8">Baccah</subfield>
    <subfield code="a">MAIN</subfield>
    <subfield code="b">MAIN</subfield>
    <subfield code="c">1ST</subfield>
    <subfield code="d">2018-10-31</subfield>
    <subfield code="e">Purchase</subfield>
    <subfield code="l">0</subfield>
    <subfield code="o">658.5 KUS</subfield>
    <subfield code="p">000043733</subfield>
    <subfield code="r">2025-07-15 00:00:00</subfield>
    <subfield code="y">BB</subfield>
  </datafield>
</record>
